000 00917nam a2200313 a 4500
001 22826
003 SK-KTurca
005 20260429085211.0
008 170822s2017 xo oac d 000 f slo d
015 _aSNBA2017/08
020 _a9788022019866 (viaz.)
035 _aa000590613
040 _aSNK
_bslo
_cUKB
_eAACR2
041 0 _aslo
044 _axo
_cSK
072 7 _a821.162.4-3
_xSlovenská próza
_2konspekt
080 _a821.162.4-31
_22004
080 _a(0:82-311.4)
_22004
100 1 _aGillerová, Katarína,
_d1958-
245 1 0 _aDotkni sa ma, láska
_cKatarína Gillerová
260 _aBratislava
_bSlovenský spisovateľ
_c2017
300 _a327, [1] s.
_bil., portr.
653 _a821.162.4-31
653 _a(0:82-311.4)
655 7 _aslovenské romány
_2UKBPH
655 7 _aspoločenské romány
_2UKBPH
942 _2ddc
_cKLDO
_n0
999 _c22826
_d22826